000 01349nam a2200337 i 4500
001 bg
003 BPK
005 20200707142542.0
008 020403s2001 pl a f |000 0 pol
015 _aPB 2002/10097
020 _a8388368192
040 _aWA N
_cBPK
080 _a662.6
080 _a620.9
080 _a(083.1)
100 1 _aGrzybek, Anna
_d(1945- )
_eAutor
245 1 0 _aSłoma - energetyczne paliwo /
_cAnna Grzybek, Piotr Gradziuk, Krzysztof Kowalczyk ; Akademia Rolnicza w Lublinie. Instytut Nauk Rolniczych w Zamościu, Polskie Towarzystwo Biomasy, Instytut Budownictwa, Mechanizacji i Elektryfikacji Rolnictwa.
260 _aWarszawa :
_b"Wieś Jutra",
_c2001.
300 _a71 s., XII s. tabl. kolor. :
_bil. ;
_c24 cm.
504 _aBibliogr.
650 4 _aSłoma
_xstosowanie
_xenergetyka.
655 4 _aPoradnik
700 1 _aGradziuk, Piotr.
700 1 _aKowalczyk, Krzysztof
_d(1963- ).
710 2 _aAkademia Rolnicza (Lublin).
_bInstytut Nauk Rolniczych (Zamość).
710 2 _aPolskie Towarzystwo Biomasy.
710 2 _aInstytut Budownictwa, Mechanizacji i Elektryfikacji Rolnictwa
710 2 _aWieś Jutra.
_4pbl.
856 _uhttp://koha.tu.koszalin.pl/cgi-bin/koha/opac-detail.pl?biblionumber=54009
_yKatalog online BPK
942 _2UKD
_cKS
999 _c54009
_d54009